Law for business / (Record no. 1061)
[ view plain ]
| 000 -LEADER | |
|---|---|
| fixed length control field | 00678cam a22002172 4500 |
| 001 - CONTROL NUMBER | |
| control field | 0000019366 |
| 005 - DATE AND TIME OF LATEST TRANSACTION | |
| control field | 20151021151132.0 |
| 008 - FIXED-LENGTH DATA ELEMENTS--GENERAL INFORMATION | |
| fixed length control field | 101112s xx 000 0 eng d |
| 020 ## - INTERNATIONAL STANDARD BOOK NUMBER | |
| International Standard Book Number | 053874992x : |
| 040 ## - CATALOGING SOURCE | |
| Original cataloging agency | KABU |
| Transcribing agency | KABU |
| 100 1# - MAIN ENTRY--PERSONAL NAME | |
| Personal name | Ashcroft, John D. |
| -- | 0000179115 |
| 245 10 - TITLE STATEMENT | |
| Title | Law for business / |
| Statement of responsibility, etc. | John D. Ashcroft, Janet E. Ashcroft. |
| 250 ## - EDITION STATEMENT | |
| Edition statement | 17th ed. |
| 260 ## - PUBLICATION, DISTRIBUTION, ETC. (IMPRINT) | |
| Place of publication, distribution, etc. | Mason, OH : |
| Name of publisher, distributor, etc. | South-Western Cengage, |
| Date of publication, distribution, etc. | 2011. |
| 300 ## - PHYSICAL DESCRIPTION | |
| Extent | xii, 578 p. |
| 650 #0 - SUBJECT ADDED ENTRY--TOPICAL TERM | |
| Topical term or geographic name as entry element | Commercial law |
| Geographic subdivision | United States. |
| -- | 0000153362 |
| 700 1# - ADDED ENTRY--PERSONAL NAME | |
| Personal name | Ashcroft, Janet E. |
| -- | 0000179116 |
| 852 1# - LOCATION | |
| -- | p7540 KES |
| 908 ## - PUT COMMAND PARAMETER (RLIN) | |
| Put command parameter | 101112 |
| 950 ## - LOCAL HOLDINGS (RLIN) | |
| -- | 1 |
| Withdrawn status | Lost status | Source of classification or shelving scheme | Not for loan | Home library | Current library | Date acquired | Total Checkouts | Total Renewals | Full call number | Barcode | Date last seen | Date last checked out | Price effective from | Koha item type |
|---|---|---|---|---|---|---|---|---|---|---|---|---|---|---|
| Library of Congress Classification | Kabarak, Main Campus | Kabarak, Main Campus | 17/12/2015 | 12 | 1 | KF889.3 .A84 2011 c. 1 | 23441 | 24/11/2023 | 18/11/2023 | 17/12/2015 | General Collection | |||
| Library of Congress Classification | Kabarak, Nakuru City Campus | Kabarak, Nakuru City Campus | 21/10/2015 | 5 | 1 | KF889.3 .A84 2011 c. 1 | 23359 | 27/02/2019 | 07/02/2019 | 21/10/2015 | General Collection |